00482nam a22001697a 450000500170000001000150001702000120003203500140004403700130005808200080007110000280007924500600010726000520016727000420021930000200026150000310028120171106155118.0 aENG-121246 c1000.00 aEN-104778 bDBAD/PUB a881 aDaniels, Michael Chacko aSavages and other neighbour/cby Michael Chacko Daniels aCalcuttabA Writers Workshop Publication c2016 a162/92 Lake GardensbCalcuttae700045 a635p.c22cm(Hb) asame ISBN at the EN-104757